Cloud reliability engineering (Record no. 529000)

MARC details
000 -LEADER
fixed length control field 01025nam a2200205Ia 4500
008 - FIXED-LENGTH DATA ELEMENTS--GENERAL INFORMATION
fixed length control field 240822s9999 xx 000 0 und d
020 ## - INTERNATIONAL STANDARD BOOK NUMBER
ISBN 9780367467753
Paper back/Hardbound hbk
041 ## - LANGUAGE CODE
Language code of text/sound track or separate title eng
082 ## - DEWEY DECIMAL CLASSIFICATION NUMBER
Classification number 005.8
Item number ACH
100 ## - MAIN ENTRY--AUTHOR NAME
Personal name Achary, Rathnakar
245 #0 - TITLE STATEMENT
Title Cloud reliability engineering
Statement of responsibility, etc / Rathnakar Achary
Sub Title technologies and tools
250 ## - EDITION STATEMENT
Edition statement 1st ed.
260 ## - PUBLICATION, DISTRIBUTION, ETC. (IMPRINT)
Name of publisher CRC Press
Year of publication c2021
Place of publication Milton :
300 ## - PHYSICAL DESCRIPTION
Number of Pages xiv, 338 p. :
Other physical details ill.
Dimensions 23 cm.
504 ## - BIBLIOGRAPHY, ETC. NOTE
Bibliography, etc Includes index
520 ## - SUMMARY, ETC.
Summary, etc Cloud reliability engineering is a leading issue of cloud services. Cloud service providers guarantee computation, storage, and applications through service-level agreements for promised levels of performance and uptime. Cloud Reliability Engineering: Technolgies and Tools presents case studies examining cloud services, their challenges, and the reliability mechanisms used by cloud service providers.
650 ## - SUBJECT ADDED ENTRY--TOPICAL TERM
Topical Term Reliability (Engineering); Cloud computing; Cloud computing Examination Study guides
700 ## - ADDED ENTRY--PERSONAL NAME
Personal name Pethuru Raj
942 ## - ADDED ENTRY ELEMENTS (KOHA)
Koha item type English Books
Holdings
Withdrawn status Lost status Damaged status Not for loan Home library Current library Shelving location Date acquired Cost, normal purchase price Full call number Accession Number Price effective from Koha item type
        Anna Centenary Library Anna Centenary Library 6TH FLOOR, B WING 05.06.2024 909.00 005.8 ACH 689462 05.06.2024 English Books

Find us on the map